00405nam a2200157Ia 45000010006000000050017000060080041000230410008000640820017000721000026000892450079001152600009001943000028002036500008002316540008002391897020260306171709.0260306s9999||||xx |||||||||||||| ||und|| aESP a658.575bR18 aRainey, David L.eAUT 0aProduct innovation:bleading change through integrated product development c2005 a625 páginas :c24 cm. aGEN aCAN